| 000 | 00769nam0a22002291 4500 | ||
|---|---|---|---|
| 001 | rc\854082 | ||
| 005 | 20041129092743.4 | ||
| 035 | _a(NLR Aleph) 006034427 | ||
| 090 |
_a7562282 _c7562282 |
||
| 100 | _a20041129d1983 u |0rusy50 ca | ||
| 101 | 0 | _arus | |
| 102 | _aRU | ||
| 105 | _aa ||||||||| | ||
| 200 | 1 |
_aКак поп работницу нанимал _eСтарин. пинеж. сказка _e[Для дошк. возраста] _fС. Писахов _g[Рис. А. Сазонова] |
|
| 210 |
_aМ. _cМалыш _d1983 |
||
| 215 |
_a[15] с. _cцв. ил. _d27 |
||
| 700 | 1 |
_aПисахов _bС. Г. _f1879-1960 _gСтепан Григорьевич |
|
| 801 | 0 |
_aRU _bNLR _gpsbo |
|
| 801 | 1 |
_aRU _bELAR _2rusmarc |
|
| 852 |
_aNLR _j83-8/1246 |
||
| 942 | _cBOOK | ||
| 980 | _aNB | ||